00637nam a2200229 a 4500001001300000003000900013005001700022008004100039020001000080082001600090100001500106245003200121260002700153300000900180500003500189650002200224700001500246902000800261942000700269952011600276999001500392nice12345678IN_TiNIC20260116011450.0070801s1956 mada grp 000 0 eng  ac10000a269.2bSPE1 aSpencer, H aIslam and the Gospel of God aMadras bNo Pub c1956 a122p aincludes index and biblioraphy aEvangelistic Work1 aSpencer, H bSRS cBK 001040708StackRoom-aHMIbHMId2007-08-01g100.00l0o269.2 SPE1p01437r2007-08-01v100.00w2007-08-01yBK c1781d1781